[Event "Be6!! Online Chess"]
[Site "Tornelo INT"]
[Date "2021.09.12"]
[Round "5"]
[White "Oney, Adil Feridun"]
[Black "Buker, Muhittin"]
[Result "1-0"]
[WhiteElo "2003"]
[BlackElo "1996"]
[PlyCount "67"]
[EventDate "2021.09.12"]
[EventType "swiss (blitz)"]
[EventRounds "8"]
[EventCountry "NET"]
[SourceTitle "CBM 204 Extra"]
[Source "ChessBase"]
[SourceDate "2021.11.30"]
[SourceVersion "1"]
[SourceVersionDate "2021.11.30"]
[SourceQuality "1"]

1. d4 Nf6 2. Nf3 d5 3. c4 e6 4. Nc3 Be7 5. Bf4 c6 6. e3 0-0 7. cxd5 exd5 8. Qc2 Re8 9. Bd3 g6 10. h3 Nbd7 11. 0-0-0 Qa5 12. Kb1 b5 13. g4 Nb6 14. Ne5 Bb7 15. h4 Nfd7 16. h5 Nxe5 17. Bxe5 Bf8 18. hxg6 Rxe5 19. gxf7+ Kxf7 20. dxe5 h6 21. Bg6+ Ke7 22. Qf5 Nd7 23. Ne4 Qb4 24. Qf7+ Kd8 25. e6 Qe7 26. exd7 Qxf7 27. Bxf7 dxe4 28. Be6 Ke7 29. Bf5 Rd8 30. Bxe4 Rxd7 31. Rxd7+ Kxd7 32. g5 h5 33. Rxh5 Bc8 34. Bf5+ 1-0

[Event "Tetraktys Concept Mgmt"]
[Site "Europe Echecs INT"]
[Date "2021.06.06"]
[Round "3"]
[White "Alberola, Raphael"]
[Black "Oney, Adil Feridun"]
[Result "0-1"]
[WhiteElo "1664"]
[BlackElo "2014"]
[PlyCount "114"]
[EventDate "2021.06.06"]
[EventType "swiss (blitz)"]
[EventRounds "11"]
[EventCountry "FRA"]
[SourceTitle "CBM 202 Extra"]
[Source "ChessBase"]
[SourceDate "2021.07.31"]
[SourceVersion "1"]
[SourceVersionDate "2021.07.31"]
[SourceQuality "1"]

1. e4 c6 2. d4 g6 3. Nf3 Bg7 4. Be3 d6 5. c3 Nd7 6. Bd3 e5 7. Nbd2 Ngf6 8. h3 0-0 9. Qc2 Re8 10. 0-0-0 a5 11. g4 a4 12. a3 d5 13. g5 Nxe4 14. Nxe4 dxe4 15. Bxe4 exd4 16. Nxd4 Qe7 17. Bd3 Nc5 18. h4 Bg4 19. Rde1 Nxd3+ 20. Qxd3 Qd7 21. Qc4 Bh5 22. f4 Bf8 23. Rhf1 c5 24. Nb5 Qh3 25. Bd2 Be2 26. Rh1 Qxh1 27. Rxh1 Bxc4 28. Nc7 b5 29. Nxa8 Rxa8 30. h5 Bd3 31. h6 Re8 32. Rd1 c4 33. Re1 Rxe1+ 34. Bxe1 Bd6 35. Bg3 f6 36. gxf6 Kf7 37. Kd2 Kxf6 38. Ke3 Kf5 39. Bh2 g5 40. Kd4 Bxf4 41. Bg1 Bc1 42. Kc5 Bxb2 43. Kxb5 Bxa3 44. Kxa4 Bd6 45. Kb5 g4 46. Kc6 Bf4 47. Kd5 Bxh6 48. Kd4 Bf4 49. Kd5 h5 50. Kd4 h4 51. Kd5 h3 52. Bd4 g3 53. Bg1 h2 54. Bd4 h1Q+ 55. Kc5 Qb7 56. Be5 Be3+ 57. Kd6 g2 0-1

[Event "Ville d'Orsay online Blitz"]
[Site "Europe Echecs INT"]
[Date "2021.02.07"]
[Round "6"]
[White "Oney, Adil Feridun"]
[Black "Osmak, Iulija"]
[Result "1-0"]
[WhiteElo "2014"]
[BlackElo "2428"]
[PlyCount "165"]
[EventDate "2021.02.07"]
[EventType "swiss (blitz)"]
[EventRounds "11"]
[EventCountry "FRA"]
[SourceTitle "CBM 200 Extra"]
[Source "ChessBase"]
[SourceDate "2021.03.31"]
[SourceVersion "1"]
[SourceVersionDate "2021.03.31"]
[SourceQuality "1"]

1. d4 d5 2. Nf3 Nf6 3. Bf4 e6 4. e3 Bd6 5. Bg3 0-0 6. Nbd2 c5 7. c3 Qc7 8. Ne5 Nbd7 9. f4 Ne4 10. Nxe4 dxe4 11. Nc4 f5 12. Nxd6 Qxd6 13. Bc4 Nb6 14. Bb3 c4 15. Bc2 Nd5 16. Qe2 b5 17. a3 Bd7 18. 0-0 a5 19. Be1 Rab8 20. Bd2 Be8 21. g4 Nf6 22. h3 Bg6 23. Kh1 Nd5 24. Rg1 Qe7 25. Qf2 b4 26. axb4 axb4 27. gxf5 exf5 28. Ra5 bxc3 29. bxc3 Rfd8 30. Rb1 Rxb1+ 31. Bxb1 Bf7 32. Ba2 Rc8 33. Qe1 Be6 34. Kh2 h6 35. Qf2 Qf7 36. Qe1 Qh5 37. Rc5 Rxc5 38. dxc5 Nf6 39. c6 Qe8 40. Bc1 Qxc6 41. Qd2 Qd5 42. Qxd5 Bxd5 43. Ba3 Kf7 44. Bc5 Ne8 45. Bd4 Nc7 46. Bb1 Be6 47. Kg3 Nb5 48. Be5 g6 49. h4 Na3 50. Ba2 Nc2 51. Kf2 Na3 52. Kg3 Bd5 53. Kf2 Nb5 54. Bb1 Na7 55. Bc2 Nc6 56. Bh8 Ne7 57. Ba4 Bc6 58. Bc2 Bb5 59. Ke2 Nd5 60. Bd4 Kg8 61. Kf2 Kf7 62. Bd1 Ke7 63. h5 gxh5 64. Bxh5 Be8 65. Be2 Bf7 66. Kg3 h5 67. Kh4 Nc7 68. Kg5 Be6 69. Bxh5 Nb5 70. Bf6+ Kd6 71. Bg6 Nc7 72. Be5+ Kd7 73. Bxc7 Kxc7 74. Bxf5 Bd5 75. Kf6 Kd6 76. Bg6 Bb7 77. Bf7 Ba6 78. f5 Bb5 79. Be6 Ba6 80. Bf7 Bb5 81. Kg7 Ke5 82. f6 Ba6 83. Bg8 1-0

[Event "Cappelle Online Blitz op 1st"]
[Site "Europe Echecs INT"]
[Date "2021.01.10"]
[Round "9"]
[White "Eden, James"]
[Black "Oney, Adil Feridun"]
[Result "1-0"]
[WhiteElo "2323"]
[BlackElo "2014"]
[PlyCount "97"]
[EventDate "2021.01.10"]
[EventType "swiss (blitz)"]
[EventRounds "11"]
[EventCountry "FRA"]
[SourceTitle "CBM 200 Extra"]
[Source "ChessBase"]
[SourceDate "2021.03.31"]
[SourceVersion "1"]
[SourceVersionDate "2021.03.31"]
[SourceQuality "1"]

1. e4 c5 2. Nf3 Nc6 3. c3 d5 4. exd5 Qxd5 5. d4 e6 6. Na3 Nf6 7. Nb5 Qd7 8. dxc5 Bxc5 9. Qxd7+ Kxd7 10. Bf4 Nd5 11. 0-0-0 Ke7 12. Rxd5 exd5 13. Nc7 Be6 14. Nxa8 Rxa8 15. Bg3 h6 16. Bd3 Rc8 17. Kb1 Bd6 18. Bxd6+ Kxd6 19. Rd1 Bg4 20. Be2 Bxf3 21. Bxf3 Ne7 22. Kc2 b6 23. b3 Ke6 24. Rd4 Rd8 25. a4 Nc6 26. Rd1 Ne5 27. Be2 g5 28. g3 g4 29. h3 h5 30. hxg4 hxg4 31. Rh1 Rd6 32. Rh6+ Ke7 33. Rxd6 Kxd6 34. Kd2 f5 35. Ke3 Ng6 36. Kd4 f4 37. Bxg4 fxg3 38. fxg3 Ne5 39. Be2 Nd7 40. Bf3 Nf6 41. g4 Nd7 42. Bxd5 Ne5 43. g5 Ng6 44. Be4 Nf4 45. g6 Ne6+ 46. Kc4 Ke5 47. Bd5 Ng7 48. Bf7 a6 49. a5 1-0

[Event "Cappelle Online Blitz op 1st"]
[Site "Europe Echecs INT"]
[Date "2021.01.10"]
[Round "4"]
[White "Oney, Adil Feridun"]
[Black "Moine, Jean Yves"]
[Result "1-0"]
[WhiteElo "2014"]
[BlackElo "1615"]
[PlyCount "35"]
[EventDate "2021.01.10"]
[EventType "swiss (blitz)"]
[EventRounds "11"]
[EventCountry "FRA"]
[SourceTitle "CBM 200 Extra"]
[Source "ChessBase"]
[SourceDate "2021.03.31"]
[SourceVersion "1"]
[SourceVersionDate "2021.03.31"]
[SourceQuality "1"]

1. d4 Nf6 2. Nf3 g6 3. c4 Bg7 4. Nc3 0-0 5. g3 d6 6. Bg2 Nbd7 7. 0-0 c6 8. e4 e5 9. Be3 Re8 10. h3 exd4 11. Nxd4 Nc5 12. Qc2 Qe7 13. Rfe1 Nfxe4 14. Nxe4 Nxe4 15. Bxe4 Qxe4 16. Bd2 Qxc2 17. Rxe8+ Bf8 18. Nxc2 1-0

[Event "Cappelle Online Blitz op 1st"]
[Site "Europe Echecs INT"]
[Date "2021.01.10"]
[Round "6"]
[White "Oney, Adil Feridun"]
[Black "Phialy, Sylvain"]
[Result "1-0"]
[WhiteElo "2014"]
[BlackElo "1631"]
[PlyCount "51"]
[EventDate "2021.01.10"]
[EventType "swiss (blitz)"]
[EventRounds "11"]
[EventCountry "FRA"]
[SourceTitle "CBM 200 Extra"]
[Source "ChessBase"]
[SourceDate "2021.03.31"]
[SourceVersion "1"]
[SourceVersionDate "2021.03.31"]
[SourceQuality "1"]

1. d4 d5 2. Nf3 Nf6 3. Bf4 Nc6 4. Nbd2 e6 5. e3 Bd6 6. Bg3 Bxg3 7. hxg3 h6 8. Bb5 Bd7 9. Bxc6 Bxc6 10. a4 Qe7 11. Ne5 Nd7 12. Nxd7 Bxd7 13. Nf3 a5 14. c3 0-0-0 15. Qd2 g5 16. b4 g4 17. Ne5 Qg5 18. bxa5 Rdf8 19. Qb2 f6 20. Nd3 Bc6 21. Nb4 Rf7 22. a6 Kd7 23. axb7 Bxb7 24. Nd3 Bc6 25. Nc5+ Ke7 26. a5 1-0

[Event "C'Chartres Blitz op"]
[Site "Europe Echecs INT"]
[Date "2020.11.28"]
[Round "6"]
[White "Dubois, Martine"]
[Black "Oney, Adil Feridun"]
[Result "0-1"]
[WhiteElo "1780"]
[BlackElo "2014"]
[PlyCount "60"]
[EventDate "2020.11.28"]
[EventType "swiss (blitz)"]
[EventRounds "11"]
[EventCountry "FRA"]
[SourceTitle "CBM 199 Extra"]
[Source "ChessBase"]
[SourceDate "2021.01.31"]
[SourceVersion "1"]
[SourceVersionDate "2021.01.31"]
[SourceQuality "1"]

1. e4 c5 2. Nf3 Nc6 3. c3 d6 4. Bc4 e6 5. 0-0 a6 6. a4 Nf6 7. Re1 Be7 8. d4 e5 9. d5 Nb8 10. Nbd2 Bg4 11. h3 Bxf3 12. Nxf3 0-0 13. Bg5 Ne8 14. Bxe7 Qxe7 15. Bd3 Nd7 16. a5 g6 17. Nh2 h5 18. Qd2 Kh7 19. f4 exf4 20. Qxf4 Ne5 21. Be2 Qf6 22. Qe3 Qh4 23. Rf1 Kg7 24. Rf4 Qe7 25. Raf1 Nc7 26. Qg3 Kh7 27. Rf6 Ne8 28. Qg5 Nxf6 29. Rxf6 Kg7 30. Rxg6+ Nxg6 0-1

[Event "C'Chartres Blitz op"]
[Site "Europe Echecs INT"]
[Date "2020.11.28"]
[Round "5"]
[White "Oney, Adil Feridun"]
[Black "Ternault, Mathieu"]
[Result "0-1"]
[WhiteElo "2014"]
[BlackElo "2324"]
[PlyCount "58"]
[EventDate "2020.11.28"]
[EventType "swiss (blitz)"]
[EventRounds "11"]
[EventCountry "FRA"]
[SourceTitle "CBM 199 Extra"]
[Source "ChessBase"]
[SourceDate "2021.01.31"]
[SourceVersion "1"]
[SourceVersionDate "2021.01.31"]
[SourceQuality "1"]

1. d4 Nc6 2. Nf3 d6 3. h3 g6 4. e4 Nf6 5. Nc3 Bg7 6. Be3 0-0 7. d5 Nb8 8. Qd2 e5 9. dxe6 Bxe6 10. 0-0-0 Nc6 11. Bb5 a6 12. Bd3 b5 13. Bg5 Qd7 14. Kb1 b4 15. Na4 Ne5 16. Nxe5 Qxa4 17. Nc4 Bxc4 18. Bxc4 Nxe4 19. Qf4 Nxg5 20. Qxg5 Rae8 21. Rhe1 Qc6 22. Bf1 Rxe1 23. Rxe1 Bxb2 24. Qe7 Bd4 25. Re3 Bxe3 26. fxe3 Re8 27. Qg5 Qe4 28. Bxa6 Qxe3 29. Qd5 Qe1+ 0-1

[Event "C'Chartres Blitz op"]
[Site "Europe Echecs INT"]
[Date "2020.11.28"]
[Round "8"]
[White "Stephan, Victor"]
[Black "Oney, Adil Feridun"]
[Result "0-1"]
[WhiteElo "2430"]
[BlackElo "2014"]
[PlyCount "150"]
[EventDate "2020.11.28"]
[EventType "swiss (blitz)"]
[EventRounds "11"]
[EventCountry "FRA"]
[SourceTitle "CBM 199 Extra"]
[Source "ChessBase"]
[SourceDate "2021.01.31"]
[SourceVersion "1"]
[SourceVersionDate "2021.01.31"]
[SourceQuality "1"]

1. d4 c5 2. d5 e5 3. e4 d6 4. Bb5+ Nd7 5. a4 Be7 6. Nf3 a6 7. Bd3 Nf8 8. Nc3 Bg4 9. Be3 Bxf3 10. Qxf3 Bg5 11. Nd1 h6 12. 0-0 Qf6 13. Qe2 Bxe3 14. Nxe3 g6 15. g3 h5 16. f4 Nd7 17. fxe5 Qxe5 18. Nc4 Qe7 19. Rf2 Ne5 20. Nxe5 Qxe5 21. Raf1 Rh7 22. c3 Nh6 23. Rf4 Ke7 24. Qf3 Rb8 25. h3 Kf8 26. Kg2 Kg7 27. Qe3 Rhh8 28. R4f2 b5 29. axb5 axb5 30. Ra1 b4 31. c4 Rb7 32. Ra6 Rd7 33. Qf4 Re8 34. b3 Ree7 35. Bb1 Re8 36. Bd3 Ree7 37. Ra8 Re8 38. Rxe8 Qxe8 39. Qf6+ Kh7 40. Ra2 Qe7 41. Qxe7 Rxe7 42. Ra6 Rd7 43. Rc6 Kg7 44. e5 dxe5 45. Rxc5 f5 46. Rc6 e4 47. Be2 Nf7 48. c5 Rxd5 49. Rc7 Rd2 50. Kf1 Kf6 51. c6 Ne5 52. Rc8 Rc2 53. c7 Nf7 54. Bc4 Nd6 55. Rf8+ Ke5 56. c8Q Nxc8 57. Rxc8 Rc3 58. Re8+ Kd4 59. Kf2 Rc2+ 60. Be2 g5 61. Rd8+ Ke5 62. Re8+ Kd4 63. Rd8+ Ke5 64. Ke1 f4 65. gxf4+ gxf4 66. Bxh5 Rb2 67. Bd1 f3 68. Rd2 Rb1 69. Kf2 Kf4 70. Rd4 Rb2+ 71. Ke1 Rh2 72. Rxb4 Ke3 73. Rxe4+ Kxe4 74. b4 Ke3 75. Bxf3 Kxf3 0-1

[Event "TUR Cup"]
[Site "Antalya"]
[Date "2020.01.28"]
[Round "4"]
[White "Oney, Adil Feridun"]
[Black "Erdal, Kerem"]
[Result "1-0"]
[WhiteElo "2041"]
[BlackElo "1691"]
[PlyCount "115"]
[EventDate "2020.01.26"]
[EventType "swiss"]
[EventRounds "11"]
[EventCountry "TUR"]
[SourceTitle "CBM 194 Extra"]
[Source "ChessBase"]
[SourceDate "2020.03.31"]
[SourceVersion "1"]
[SourceVersionDate "2020.03.31"]
[SourceQuality "1"]

1. d4 d5 2. Nf3 Nf6 3. Bf4 Bf5 4. c3 e6 5. Nbd2 Be7 6. h3 h6 7. e3 0-0 8. Be2 c5 9. 0-0 Nc6 10. Ne5 Nxe5 11. Bxe5 Bd6 12. Nf3 Bxe5 13. Nxe5 Ne4 14. Bd3 Qg5 15. Nf3 Qe7 16. dxc5 Qxc5 17. Nd4 Bg6 18. Re1 e5 19. Nb3 Qc6 20. Qc2 Ng5 21. Rad1 Bh5 22. Be2 Bxe2 23. Qxe2 Rad8 24. f4 exf4 25. exf4 Rfe8 26. Qd3 Ne4 27. Nd4 Qf6 28. Qf3 Qb6 29. Re2 Qa6 30. a3 Qg6 31. Kh2 Re7 32. Rde1 Rde8 33. g4 Qf6 34. Nf5 Re6 35. Qd3 Nc5 36. Qd2 Rxe2+ 37. Rxe2 Rxe2+ 38. Qxe2 Qe6 39. Qf2 Nd3 40. Qd2 Qe4 41. Kg3 Qe1+ 42. Qxe1 Nxe1 43. Ne7+ Kf8 44. Nxd5 Nd3 45. b4 Ke8 46. Kf3 Ne1+ 47. Ke2 Nc2 48. a4 Na3 49. Ne3 b5 50. a5 Kd7 51. Nf5 g5 52. Nxh6 gxf4 53. Nxf7 Ke6 54. Ng5+ Ke5 55. Kd3 Nc4 56. Nf3+ Kf6 57. Ke4 Nd2+ 58. Nxd2 1-0

[Event "Marmaris Karya 9th"]
[Site "Marmaris"]
[Date "2019.08.24"]
[Round "1.4"]
[White "Oney, Adil Feridun"]
[Black "Guseynov, Alihan"]
[Result "0-1"]
[WhiteElo "2054"]
[BlackElo "2314"]
[PlyCount "92"]
[EventDate "2019.08.24"]
[EventType "schev"]
[EventRounds "10"]
[EventCountry "TUR"]
[SourceTitle "EXT 2020"]
[Source "ChessBase"]
[SourceDate "2019.10.17"]
[SourceVersion "1"]
[SourceVersionDate "2019.10.17"]
[SourceQuality "1"]

1. Nf3 c5 2. g3 Nc6 3. Bg2 g6 4. 0-0 Bg7 5. e4 Nf6 6. Re1 0-0 7. d3 d6 8. c3 Rb8 9. h3 Nd7 10. Nbd2 b5 11. Nf1 b4 12. c4 Nde5 13. Nh4 Nd4 14. f4 Nec6 15. Ne3 b3 16. a3 Nc2 17. Nxc2 bxc2 18. Qxc2 Nd4 19. Qd1 Nb3 20. Rb1 Nxc1 21. Qxc1 Rb3 22. Qc2 Qb6 23. e5 dxe5 24. fxe5 Rd8 25. Bf1 Be6 26. Nf3 Bf5 27. Nd2 Rbxd3 28. Bxd3 Rxd3 29. Ne4 Rxg3+ 30. Kf2 Bxe5 31. Re3 Rxe3 32. Kxe3 Qe6 33. Rd1 Bd4+ 34. Rxd4 cxd4+ 35. Kxd4 f6 36. c5 Qe5+ 37. Ke3 Bxe4 38. Qxe4 Qxc5+ 39. Qd4 Qxd4+ 40. Kxd4 e5+ 41. Kd5 Kf7 42. b4 Ke7 43. b5 Kd7 44. a4 g5 45. a5 Kc7 46. Ke4 Kd6 0-1

[Event "TUR Cup										"]
[Site "Antalya"]
[Date "2018.02.03"]
[Round "11"]
[White "Oney, Adil Feridun"]
[Black "Koksal, Recep"]
[Result "1-0"]
[WhiteElo "2234"]
[BlackElo "1763"]
[PlyCount "125"]
[EventDate "2018.01.27"]
[EventType "swiss"]
[EventRounds "11"]
[EventCountry "TUR"]
[SourceTitle "CBM 182 Extra"]
[Source "ChessBase"]
[SourceDate "2018.02.23"]
[SourceVersion "1"]
[SourceVersionDate "2018.02.23"]
[SourceQuality "1"]

1. d4 Nf6 2. Nf3 e6 3. c4 Bb4+ 4. Nc3 b6 5. Qb3 Bxc3+ 6. Qxc3 Bb7 7. Bf4 0-0 8. e3 d6 9. Be2 Nbd7 10. 0-0 Ne4 11. Qc2 f5 12. h3 g5 13. Bh2 Qf6 14. Nd2 Qg7 15. f3 Nef6 16. d5 e5 17. Qxf5 Rae8 18. Qc2 h5 19. g4 Qh6 20. Kg2 Re7 21. Bd3 Nc5 22. Bg3 Bc8 23. e4 Ref7 24. Be2 a5 25. b3 Bd7 26. a3 Rh7 27. Rh1 Ra8 28. Qc3 Qf8 29. b4 Nb7 30. Bf2 Rf7 31. Be3 Qe7 32. Bxg5 Nxd5 33. cxd5 Qxg5 34. Nf1 Raf8 35. Ne3 Bb5 36. Bd1 Ba4 37. Nf5 Bd7 38. Qc1 Qxc1 39. Rxc1 Bxf5 40. exf5 Ra8 41. Kg3 axb4 42. axb4 Ra2 43. Re1 Rb2 44. Re4 h4+ 45. Kxh4 Rg2 46. f6 Rxf6 47. Rxc7 Nd8 48. g5 Rf7 49. Rxf7 Nxf7 50. Rg4 Rd2 51. Ba4 Kg7 52. Kg3 Nh8 53. Be8 Rxd5 54. h4 Ng6 55. Bxg6 Kxg6 56. h5+ Kg7 57. Rc4 e4 58. Rc7+ Kg8 59. f4 Rd1 60. h6 d5 61. h7+ Kh8 62. f5 Rh1 63. g6 1-0